Aventuras de Alice no País das Maravilhas (Record no. 48394)

MARC details
000 -LÍDER
campo de controle de tamanho fixo 00390 a2200157 4500
001 - NÚMERO DE CONTROLE
campo de controle 48394
020 ## - ISBN - INTERNATIONAL STANDARD BOOK NUMBER
ISBN - International Standard Book Number 9788574067810
040 ## - FONTE DA CATALOGAÇÃO
Instituição que transcreveu o registro Anchieta - Bela Vista
100 ## - ENTRADA PRINCIPAL--NOME PESSOAL
Nome pessoal Lewis, Carroll
240 10 - TÍTULO UNIFORME
Título uniforme Aventuras de Alice no País das Maravilhas
Idioma da obra por
245 10 - TÍTULO
Título Aventuras de Alice no País das Maravilhas
300 ## - DESCRIÇÃO FÍSICA
Extensão 166
362 0# - DATAS DE PUBLICAÇÃO E/OU DESIGNAÇÃO SEQUENCIAL
Datas de publicação e/ou designação sequencial 2017
650 #4 - ASSUNTO--TERMO TÓPICO
Cabeçalho tópico ou nome geográfico Literatura juvenil
942 ## - ELEMENTOS DE ENTRADA ADICIONADOS (KOHA)
Tipo de material Koha Livros
Holdings
Situação do descarte Situação das perdas Situação física Não pode ser emprestado Biblioteca de origem Biblioteca atual Data de aquisição Total de empréstimos Número de chamada completo Código de barras Data de último acesso Data do preço efetivo Tipo de material Koha Total de renovações Devolução em Data do último empréstimo
        Colégio Anchieta - Bela Vista Colégio Anchieta - Bela Vista 21/11/2023   LJ 028.5 L673a LEW AVE 310/BEL 21/11/2023 21/11/2023 Livros      
        Colégio Anchieta - Bela Vista Colégio Anchieta - Bela Vista 21/11/2023 2 LJ 028.5 L673a LEW AVE 340/BEL 29/07/2024 21/11/2023 Livros 1 13/08/2024 29/07/2024